| 000 | 00502nam a2200169 i 4500 | ||
|---|---|---|---|
| 001 | 62482 | ||
| 003 | ES-MaACL | ||
| 005 | 20251015063102.0 | ||
| 007 | t| | ||
| 008 | 031121s1904 sp ||||1| cat d | ||
| 100 | 1 |
_aCatalà, Víctor, _d1869-1966 _937006 |
|
| 245 | 1 | 0 |
_aDrames rurals / _cVictor Catalá [seud.] ; Il-lustracions de l'autor. |
| 260 |
_aBarcelona : _b[s.n.], _c1904 ( _fTip. L'Avenç) |
||
| 300 |
_a296 p. ; _c20 cm. |
||
| 852 |
_aES-MaACL _jD-1342(2) |
||
| 999 |
_c62482 _d62482 |
||